000 01046nam a2200229Ia 4500
001 18395
005 20260406150120.0
008 260306s9999||||xx |||||||||||||| ||und||
041 _aESP
082 _a658.4038
_bH73
100 _aHoneycutt, Jerry
_eAUT
245 0 _aAsí es la gestión del conocimiento
260 _c2001
300 _a232 páginas :
_c23 cm.
650 _aGEN
654 _aCAN
856 _uhttps://itmsp.museknowledge.com/UCSP?url=https://www.ebooks7-24.com:443/?il=10916&pg=1
_zVéase además: La paradoja de la productividad en la era del conocimiento. Versión digital
856 _uhttps://0u213vbgw-y-https-ebooks7--24-com.itmsp.museknowledge.com/biblioteca.aspx
_zVéase además: Base de datos Ebook7-24
856 _uhttps://0u20fvbgx-y-https-research-ebsco-com.itmsp.museknowledge.com/c/qxo6us/search
_zVéase además: Base de datos EBSCOhost
856 _uhttps://0u20yvbh0-y-https-www-bibliotechnia-com-mx.itmsp.museknowledge.com/
_zVéase además: Base de datos BiblioTechnia
942 _cLIB
_dJUS
_fJUS
_2ddc
999 _c18395
_d18395